00262nam a2200109Ia 4500100001800000654001500018245005200033260002800085082001900113300000800132546001200140 aCane/ Sheila  aProduction aKaizen Strategies for Winning through People bPitman Publishingc1996 a658.00952bCAN a242 aENGLISH